| 000 | 00429cam a22001457a 4500 | ||
|---|---|---|---|
| 008 | 180718b1963 xxu||||| |||| 00| 0 eng d | ||
| 082 | _aF5x44 H675a | ||
| 100 | _aHoffman, Stanley | ||
| 245 |
_aFrance: change and tradition _cby Stanley Hoffman...[et.al.] |
||
| 260 |
_aLondon _bGollancz _c1963 |
||
| 300 | _a443p. | ||
| 650 | _aFrance - Foreign Relations | ||
| 650 | _aFrance - Economic Conditions | ||
| 650 | _aFrance - Politics | ||
| 999 |
_c368431 _d368431 |
||